000 00600nam a22002297a 4500
003 UA-OsUOA
001 68314
007 ta
008 20100415b un ||||| |||| 00| 0 ukr d
100 _aБородінов В.Д.
700 _aПащенко Ю.А.
090 _a32
_bБ83
942 _cSA
040 _aUA-OsUOA
_bukr
_cUA-OsUOA
_dUA-OsUOA
245 _aПсихологічна характеристика етнонаціональних спільнот
300 _aС.80-89
955 _a0
041 _aukr
080 _a32
773 0 _w68312
650 7 _a32 Політика
_2UDC
999 _c354548
_d354548